Southville International School and Colleges
Your cart is empty.
  • Cart
  • Lists
    Public lists list_1 View all
    Your lists Log in to create your own lists
  • Log in to your account
  • Your cookies
  • Search history
Southville International School and Colleges
  • Advanced search
  • Recent comments
  • Most popular
  • Libraries

Log in to your account

Log in with GOOGLE


If you do not have an external account, but do have a local account, you can still log in:

  1. Home
  2. MARC view: Power review :
Normal view MARC view ISBD view

Power review : (Record no. 117787)

[ view plain ]
MARC details
000 -LEADER
fixed length control field 00651nam a2200181Ia 4500
008 - FIXED-LENGTH DATA ELEMENTS--GENERAL INFORMATION
fixed length control field 140529s9999 xx 000 0 und d
050 ## - LIBRARY OF CONGRESS CALL NUMBER
Classification number RT 82
Item number .L926 2007
100 ## - MAIN ENTRY--PERSONAL NAME
Personal name Luansing, Glenn R.
245 ## - TITLE STATEMENT
Title Power review :
Remainder of title a nursing review guide on professional adjustment, leadership, management, ethics and research /
Statement of responsibility, etc Glenn R. Luansing
250 ## - EDITION STATEMENT
Edition statement 1st ed.
260 ## - PUBLICATION, DISTRIBUTION, ETC. (IMPRINT)
Place of publication, distribution, etc [Manila, Philippines] :
Name of publisher, distributor, etc G.R. Luansing Publication,
Date of publication, distribution, etc c2007.
300 ## - PHYSICAL DESCRIPTION
Extent 160 p. :
Other physical details ill. (some col.) ; 
Dimensions 22 cm.
500 ## - GENERAL NOTE
General note Includes index and bibliographical references.
521 ## - TARGET AUDIENCE NOTE
Target audience note
650 ## - SUBJECT ADDED ENTRY--TOPICAL TERM
Topical term or geographic name as entry element Continuing education.
942 ## - ADDED ENTRY ELEMENTS (KOHA)
Call number prefix Local
Koha item type Books
Holdings
Withdrawn status Lost status Damaged status Home library Current library Shelving location Date acquired Total Checkouts Total Renewals Full call number Barcode Date last seen Date checked out Price effective from Koha item type
      College Library College Library Filipiniana Section 05/30/2014 1 11 RT 82 .L926 2007 C17041 04/15/2019 01/19/2019 05/30/2014 Books

Power review :

APA

Luansing G. R., . (2007). Power review. [Manila, Philippines]: G.R. Luansing Publication.

Chicago

Luansing Glenn R, . 2007. Power review. [Manila, Philippines]: G.R. Luansing Publication.

Harvard

Luansing G. R., . (2007). Power review. [Manila, Philippines]: G.R. Luansing Publication.

MLA

Luansing Glenn R, . Power review. [Manila, Philippines]: G.R. Luansing Publication. 2007.

  • Place hold
  • Print
  • Cite
  • Add to your cart (remove)
  • Save record
    BIBTEX Dublin Core MARCXML MARC (non-Unicode/MARC-8) MARC (Unicode/UTF-8) MARC (Unicode/UTF-8, Standard) MODS (XML) RIS
  • More searches
    Search for this title in:
    Other Libraries (WorldCat) Other Databases (Google Scholar) Online Stores (Bookfinder.com) Open Library (openlibrary.org)

Exporting to Dublin Core...

SOUTHVILLE LIBRARY

Southville International School and Colleges Library

1281 Tropical Ave. Cor. Luxembourg St., BF Homes International, Las Pinas City

Tel. No. 8256374 / 252358 Loc. 117/146

Powered by Koha